Представление документа в формате MARC21

Поле Инд. ПП Название Значение
Тип записи a
Библиографический уровень m
001 Контрольный номер 6497073f-e8a8-4321-943d-dff2f3f5059d
005 Дата корректировки 20180409143615.1
008 Кодируемые данные 000105 d
020 c Цена, тираж 20.00
040 a Служба первич. каталог. НБ ТвГУ
041 0_ a Код языка текста rus
080 a Индекс УДК 801.73(075.8)
084 a Индекс другой классификации/Индекс ББК Ш09я731-1
a Индекс другой классификации/Индекс ББК Ш401я731-1
090 a Полочн. индекс Ш09
x Авторский знак Б73
c Каталожный индекс Ш09я731-1 + Ш401я731-1
100 1_ a Автор Богатырев Андрей Анатольевич
245 0_ a Заглавие Элементы неявного смыслообразования в художественном тексте
b Продолж. заглавия Учеб. пособие
c Ответственность А.А. Богатырев; Твер. гос. ун-т
260 0_ a Место издания Тверь
b Издательство Тверской государственный университет
c Дата издания 1998
300 a Объем 101 с., включ. обл.
583 a Действие Получение впервые 331 25.05.99
k Исполнитель действия РИО
650 04 a Основная рубрика Текстология
650 04 a Основная рубрика Анализ текста художественного
650 04 a Основная рубрика Герменевтика
650 04 a Основная рубрика Литературоведческий анализ
653 0_ a Ключевые слова Анализ текста
a Ключевые слова Анализ художественного текста
a Ключевые слова Герменевтика
a Ключевые слова Лингвостилистический анализ
a Ключевые слова Литературоведческий анализ
a Ключевые слова Поэтика
a Ключевые слова Смыслообразование в художественном тексте
a Ключевые слова Текстовосприятие
a Ключевые слова Текстология
a Ключевые слова Эзотеричность текста
852 41 t Порядковый номер экземпляра 2
p Инвентарный номер 710210
p Инвентарный номер 710211
852 41 t Порядковый номер экземпляра 8
p Инвентарный номер 710212
p Инвентарный номер 710219
p Инвентарный номер 710218
p Инвентарный номер 710217
p Инвентарный номер 710216
p Инвентарный номер 710215
p Инвентарный номер 710214
p Инвентарный номер 710213
856 40 u URL http://texts.lib.tversu.ru/texts/09585ucheb.pdf
x Примечание для ЭОР Справка УИС 2015
i Дата подключения ЭОР 2015
x Примечание для ЭОР Реестр суммарного учета сетевых локальных документов
888 a За счет средств университета
930 a Новая/Ретро учебники
952 c Вид литературы К рн
p 331.99 20.00 1 710210
p 331.99 20.00 1 710211
p 331.99 20.00 1 710212
p 331.99 20.00 1 710213
p 331.99 20.00 1 710214
p 331.99 20.00 1 710215
p 331.99 20.00 1 710216
p 331.99 20.00 1 710217
p 331.99 20.00 1 710218
p 331.99 20.00 1 710219
954 a Дата поступления на обработку 19990526
999 a Подразделение 2 ч.з.
a Подразделение 2 уч.о